000 00643nam a2200205 a 4500
001 000028630
005 20200930055039.0
008 110411s2006 dr a 000 0 spa d
020 _z99945002089
040 _aDO-SdBNP
_bspa
_cBNPHU
082 _axxx
_bR893a, 2006
100 1 _aRozas Aristy, Eduardo
_937777
245 1 0 _aArquitectura y creatividad /
_cEduardo Rozas Aristy.
250 _a2a ed.
260 _aSanto Domingo :
_bEditora Universitaria,
_c[2006?].
300 _avii, 271 p. :
_bil. ;
_c28 cm.
590 _aLa biblioteca posee dos ejemplar autografiado por el autor
504 _aBibliografía : p. 270-271
049 _aBNPD
999 _c28122
_d28122